|
|
|
|
| LEADER |
00000nam0a2200000 4500 |
| 001 |
156011 |
| 005 |
20231101221857.0 |
| 010 |
|
|
|a 5726005929
|
| 010 |
|
|
|a 5-7260-0591-0
|
| 020 |
|
|
|a RU
|b 92-18397
|
| 035 |
|
|
|a (RuTPU)RU\TPU\book\169200
|
| 090 |
|
|
|a 156011
|
| 100 |
|
|
|a 20090320g1992 m a0rusy5003 ca
|
| 101 |
1 |
|
|a rus
|c fre
|
| 102 |
|
|
|a RU
|
| 105 |
|
|
|a a z 001ay
|
| 200 |
1 |
|
|a Все романы о Мегрэ
|e В 22 т.
|h Т. 1
|f Ж. Сименон
|g под ред. Ю. Б. Корнеева ; авт. предисл. В. Е. Балахонов ; худож. Бик
|
| 210 |
|
|
|a Москва
|c Российское право
|d 1992
|
| 215 |
|
|
|d 21 см
|e (ил.)
|a 464 с.
|
| 610 |
1 |
|
|a детективы
|
| 610 |
1 |
|
|a французская литература
|
| 675 |
|
|
|a 84
|z rus
|v 3
|
| 700 |
|
1 |
|a Сименон
|b Ж.
|c французский писатель
|f 1903-1989
|g Жорж
|2 stltpush
|3 (RuTPU)RU\TPU\pers\14821
|9 4998
|
| 702 |
|
1 |
|a Корнеев
|b Ю. Б.
|4 340
|
| 702 |
|
1 |
|a Балахонов
|b В. Е.
|4 080
|
| 702 |
|
1 |
|a Бик
|4 440
|
| 801 |
|
0 |
|a RU
|b RuMRKP
|c 19950417
|g psbo
|
| 801 |
|
1 |
|a RU
|b 63413507
|c 20090320
|g PSBO
|
| 801 |
|
2 |
|a RU
|b 63413507
|c 20090529
|g PSBO
|
| 942 |
|
|
|c BK
|